| 000 | 00873ntaaa2200265 4500 | ||
|---|---|---|---|
| 003 | 01 | ||
| 005 | 20251027201106.0 | ||
| 008 | 0714s1973 ag 01 | ||
| 020 | _a0805401105 | ||
| 040 |
_aAR-BaBN _bspa _cAR-BaBN _eaacr _dRIC |
||
| 082 | _a220.7 N42a ( | ||
| 082 | _a220.7 N42a (1) | ||
| 100 |
_aBreneman, Mervin _96496 |
||
| 245 |
_aThe new American commentary : _bEzra, Nehemiah, Esther / _cMervin Breneman |
||
| 250 | _a1 ed. | ||
| 260 |
_a[Nashville] : _bBroadman Holman, _c1993 |
||
| 300 |
_a383 p ; _cmps. ; 23,5 cm |
||
| 490 |
_aThe new american commentary ; _v10 |
||
| 500 | _aComentario teológico expositivo basado enla "New International Version". Contiene referencias bibliográficas e indices | ||
| 650 |
_aBIBLIA _9468 |
||
| 650 | _aANTIGUO TESTAMENTO | ||
| 650 |
_aCOMENTARIO EXEGETICO _98428 |
||
| 650 |
_aCOMENTARIO TEOLOGICO _98429 |
||
| 942 | _cBK | ||
| 999 |
_c5104 _d5104 |
||